| 000 | 00359nam a2200157Ia 4500 | ||
|---|---|---|---|
| 008 | 210210b1909 xxu||||| |||| 00| 0 eng d | ||
| 041 | _aeng | ||
| 082 | _a829/847n | ||
| 100 | _aQUILLER (Couch) | ||
| 245 | _aTrue tilda | ||
| 260 |
_aLondon _bT Nelson and Sons _c1909 |
||
| 650 | _aTrue | ||
| 650 | _atilda | ||
| 690 | _aEnglish Fiction | ||
| 906 | _a017458 | ||
| 999 |
_c137425 _d137425 |
||